Kluby w Lidze Europy 2025/26 - Statystyki

Ogólne statystyki
  • Ten quiz został rozwiązany 94 razy
  • Średni wynik to 19 z 36
Statystyki odpowiedzi
Kraj Drużyna % Poprawnych
Anglia Aston Villa
91%
Włochy AS Roma
82%
Francja Olympique Lyon
80%
Szkocja Celtic
77%
Portugalia FC Porto
77%
Szkocja Rangers
70%
Austria Red Bull Salzburg
68%
Portugalia SC Braga
65%
Szwajcaria BSC Young Boys
64%
Chorwacja Dinamo Zagrzeb
62%
Holandia Feyenoord Rotterdam
62%
Hiszpania Real Betis
61%
Serbia FK Crvena zvezda
58%
Anglia Nottingham Forest
58%
Szwajcaria FC Basel
56%
Rumunia FC Steaua Bukareszt
56%
Turcja Fenerbahçe SK
56%
Grecja Panathinaikos
55%
Grecja PAOK FC
55%
Austria Sturm Graz
55%
Węgry Ferencvárosi TC
52%
Czechy Viktoria Pilzno
50%
Belgia KRC Genk
48%
Dania FC Midtjylland
47%
Bułgaria Ludogorec Razgrad
47%
Szwecja Malmö FF
47%
izrael Maccabi Tel Awiw
44%
Niemcy SC Freiburg
44%
Włochy Bologna
42%
Hiszpania Celta Vigo
39%
Francja OGC Nice
36%
Niemcy VfB Stuttgart
33%
Norwegia SK Brann
32%
Holandia FC Utrecht
26%
Holandia Go Ahead Eagles
26%
Francja Lille OSC
24%
Nie znaleziono quizów pasujących do podanych kryteriów
Rozkład punktacji
Procent ludzi z każdym wynikiem
Percentyl według liczby udzielonych odpowiedzi
Twoja historia wyników
Nie rozwiązałeś tego quizu